00151nam a22000737a 4500082001600000245004200016260001000058300000900068 a614.44bpre aPrevention of fluorosis in sri lanka/ c1996. a69p;